[4択] 県庁所在地を地図から当てる -東日本- - Statistics

General Stats
  • This quiz has been taken 161 times
  • The average score is 20 of 23
Answer Stats
Hint Extra Hint Answer % Correct
説明 北海道庁
97%
説明 新潟県庁
95%
説明 静岡県庁 ⚫︎
95%
説明 宮城県庁
94%
説明 青森県庁 ⚫︎
93%
説明 栃木県庁
93%
説明 富山県庁
93%
説明 神奈川県庁 ⚫︎
92%
説明 東京都庁
91%
説明 埼玉県庁
90%
説明 岩手県庁
89%
説明 山形県庁
89%
説明 茨城県庁
89%
説明 群馬県庁 ⚫︎
89%
説明 山梨県庁
89%
説明 岐阜県庁
89%
説明 愛知県庁
89%
説明 千葉県庁
87%
説明 石川県庁
86%
説明 秋田県庁
81%
説明 福井県庁 ⚫︎
79%
説明 長野県庁
79%
説明 福島県庁 ⚫︎
75%
No matching quizzes found
Score Distribution
Percent of People with Each Score
Percentile by Number Answered
Your Score History
You have not taken this quiz